000 00360 a2200157 4500
001 193065
020 _a85-359-0039-X
040 _cMagnum
100 _aSteingarten, Jeffrey
240 1 0 _aO homem que comeu de tudo
_lpor
245 1 0 _aO homem que comeu de tudo
300 _a495
362 0 _a2000
697 _aLITERATURA GERAL ESTRANGEIRA
942 _cBK
999 _c193065
_d193065